| 000 | 02708cam a22006374i 4500 | ||
|---|---|---|---|
| 003 | PE-LiUPU | ||
| 005 | 20250731180140.0 | ||
| 008 | 150706s r 000 0 d | ||
| 020 | _a9878429151572 | ||
| 035 | _a(Sirsi) i9878429151572 | ||
| 035 | _a(Sirsi) i9878429151572 | ||
| 040 |
_aPE-LiUPU _bspa _cPE-LiUPU _erda |
||
| 049 | _aPRUA | ||
| 082 | 0 | 4 |
_a514.24 _bS18 1 _221 |
| 100 | 1 |
_aSalas, Saturnino L., _eautor. |
|
| 245 | 1 | 0 |
_aCalculus : _buna y varias variables. Volumen I / _cSaturnino L. Salas, Einar Hille y Garret J. Etgen. |
| 250 | _a4a | ||
| 264 | 1 |
_aBarcelona : _bReverté, _c2002. |
|
| 300 |
_a708 páginas : _bilustraciones ; _c25 centímetros |
||
| 336 |
_atext _2rdacontent |
||
| 337 |
_aunmediated _2rdamedia |
||
| 338 |
_avolume _2rdacarrier |
||
| 505 | 0 | _a¿Qué es el cálculo? -- Límites y continuidad -- Diferenciación -- El teorema del valor medio y aplicaciones -- integración -- Algunas aplicaciones de la integral -- Funciones trascedentes -- Técnicas de integración -- Secciones cónicas: coordenadas polares, ecuaciones para métricas -- Sucesiones, formas indeterminadas, integrales impropias -- Series infinitas. | |
| 526 | _aSEG44 | ||
| 526 | _aSEG26 | ||
| 526 | _aP159 | ||
| 526 | _aP155 | ||
| 526 | _aP154 | ||
| 526 | _aP153 | ||
| 526 | _aP150 | ||
| 526 | _aP100 | ||
| 526 | _aP31 | ||
| 526 | _aP30 | ||
| 526 | _aP26 | ||
| 526 | _aP25 | ||
| 526 | _aP24 | ||
| 526 | _aP22 | ||
| 526 | _aP15 | ||
| 526 | _aP10 | ||
| 541 | _g0054-0000884; | ||
| 541 | _g001-0035421; | ||
| 650 | 0 | 4 |
_aCálculo _vManuales, etc. |
| 650 | 0 | 4 |
_aGeometría analítica _vManuales, etc. |
| 650 | 0 | 4 |
_aGeometría _vProblemas, ejercicios, etc. |
| 700 | 1 |
_aCarrillo Menéndez, Santiago, _etr. |
|
| 700 | 1 |
_aEtgen, Garret J., _eautor. |
|
| 700 | 1 |
_aHille, Einar, _eautor. |
|
| 910 |
_agl _bjv _cng _d20091014 |
||
| 942 |
_2ddc _cBOOK |
||
| 949 |
_a514.24 S18 1 _wDEWEY _c1 _i60589 _lCCODEBUL1 _mBUL _p33.00 _r0 _sY _tBOOK _u2015-7-6 _xINGENIERIA _PP27 _o.STAFF. Colección General |
||
| 949 |
_a514.24 S18 1 _wDEWEY _c2 _i65040 _d2015-8-25 _e2015-8-24 _lCCODEBUL1 _mBUL _n1 _p52.00 _r0 _sY _tBOOK _u2015-7-6 _xINGENIERIA _zUNKNOWN _0COMPRA _o.STAFF. Colección General |
||
| 994 |
_aC0 _bPEPRU |
||
| 596 | _a1 | ||
| 999 |
_a514.24 S18 1 _wDEWEY _c50009 _i60589 _lLOST _mBUL _p33.00 _r1 _sY _tBOOK _u2015-7-6 _xINGENIERIA _PP27 _o.STAFF. Colección General _d50009 |
||
| 999 |
_a514.24 S18 1 _wDEWEY _c2 _i65040 _d2018-8-28 _e2015-8-24 _f2021-11-9 _g7 _lCCODEBUL1 _mBUL _n1 _p52.00 _q5 _r0 _sY _tBOOK _u2015-7-6 _xINGENIERIA _zUNKNOWN _0COMPRA _o.STAFF. Colección General |
||
| 980 |
_81 _gALBERTO SANCHEZ Responsable de Automatización |
||